|
|
|
|
| LEADER |
00000nas a22000001 4500 |
| 001 |
ssj0002165 |
| 003 |
WaSeSS |
| 005 |
20200512172242.0 |
| 006 |
m d |
| 007 |
cr n |
| 008 |
760922c19669999alumr p s 0 a0eng c |
| 010 |
|
|
|a 70000890
|
| 016 |
7 |
|
|a 1326200-2
|2 DE-600
|
| 022 |
|
|
|l 0038-4305
|y 0038-4305
|
| 032 |
|
|
|a 508350
|b USPS
|
| 035 |
|
|
|a (WaSeSS)ssj0002165
|
| 040 |
|
|
|a FUL
|b eng
|c FUL
|d MUL
|d COO
|d NSD
|d DLC
|d NSD
|d OCL
|d AIP
|d NSD
|d AIP
|d HUL
|d DLC
|d AIP
|d NST
|d NSD
|d NST
|d MXC
|d GUA
|d OCLCQ
|d DLC
|d WAU
|d UBY
|d OCLCQ
|d HEBIS
|d OCLCF
|d OVY
|d OCLCQ
|d OCLCO
|d JCW
|d JOZ
|d JSY
|d JVX
|d T3H
|d JSU
|d PX0
|d JOW
|d JOV
|d CHY
|d KE7
|d TPA
|d KYC
|d OCLCO
|d CCE
|d HLO
|d P@N
|d MJ8
|d MWB
|d CSA
|d OCLCQ
|d WRS
|d OCLCO
|d OKS
|d GILDS
|d TXUPP
|d CCH
|d FSP
|d XOT
|d KG7
|d CREBL
|d PZW
|d JDP
|d VAN
|d JJG
|d PZQ
|d LE7
|d M8D
|d JX9
|d OCLCO
|d ZQP
|d OCLCO
|d WaSeSS
|
| 042 |
|
|
|a pcc
|a nsdp
|
| 043 |
|
|
|a n-usu--
|
| 050 |
0 |
0 |
|a F206
|b .S855
|
| 050 |
1 |
4 |
|a AP2.A3
|b S69x
|
| 210 |
0 |
|
|a South. living
|
| 222 |
|
0 |
|a Southern living
|
| 245 |
0 |
0 |
|a Southern living
|h [electronic resource].
|
| 260 |
|
|
|a Birmingham,
|b Southern Living
|
| 310 |
|
|
|a Monthly
|
| 362 |
0 |
|
|a v. 1- Feb. 1966-
|
| 506 |
|
|
|a License restrictions may limit access.
|
| 580 |
|
|
|a Issued Feb. 1966-July 1966 as editions of the Progressive farmer.
|
| 580 |
|
|
|a Occasional column entitled: Cooking light, published from 1983-1986, cumulated in the 1986-1987 volumes of the annual publication: Cooking light, published by Oxmoor House. In 1986 the column was then continued by a greatly expanded separate periodical publication entitled: Cooking light, published by Southern Living, Inc. and also cumulated by the annual publication with the same name. Cf. Preface, 1997 issue of Cooking light annual recipes.
|
| 650 |
|
2 |
|a Southeastern United States
|v Periodicals.
|
| 651 |
|
0 |
|a Southern States
|v Periodicals.
|
| 651 |
|
7 |
|a Southern States.
|2 fast
|0 (OCoLC)fst01244550
|
| 655 |
|
0 |
|a Electronic journals.
|
| 730 |
0 |
|
|a Progressive farmer.
|
| 777 |
1 |
|
|t Progressive farmer
|w (OCoLC)5261404
|g Feb.-July 1966
|
| 785 |
1 |
1 |
|t Cooking light (Southern Living, Inc.)
|x 0886-4446
|w (DLC)sn 85003417
|w (OCoLC)12889339
|
| 787 |
1 |
|
|t Cooking light (Oxmoor House)
|x 0884-2922
|w (DLC) 87640371
|w (OCoLC)12357884
|
| 850 |
|
|
|a CoFS
|a DLC
|a GU
|a MH-SD
|a MiDW
|a NcRS
|
| 856 |
4 |
0 |
|z Full text available from Research Library: 01/01/1988 to present
|u https://search.proquest.com/publication/49072
|